[Event "Paul Keres - Caissa 3-7"]
[Site "?"]
[Date "2017.03.11"]
[Round "7"]
[White "Witt, Rob"]
[Black "Van de Fliert, Willem"]
[Result "1-0"]
[WhiteElo "2190"]
[BlackElo "2168"]
[Annotator "Witt"]
[PlyCount "149"]
[EventDate "2017.??.??"]

{Aan bord 7 trof ik een oude bekende. In een massakamp Euwe - Paul Keres in
2008 bracht hij tegen mij een incorrect stukoffer. In plaats van de
weerlegging te spelen blunderde ik en verloor.} 1. d4 d5 2. c4 e6 3. Nf3 Nf6 4.
g3 {Geïnspireerd door enkele partijen van Bobby Cheng in het Bataviatoernooi
besloot ik ook maar weer eens Katalaans te spelen.} Be7 5. Bg2 O-O 6. O-O c5 {
Een onverwachte switch naar de Tarrasch. Daar speel ik de laatste jaren het
Tarraschgambiet tegen, maar dat kan nu niet meer.} 7. cxd5 exd5 8. Be3 {
Ik had niet zo'n zin in de hoofdvarianten met Pc3 of dxc5 en koos na een
tijdje voor een zijvariant. Praktisch gezien een goeie keus want mijn
tegenstander dacht nu ruim 20 minuten na.} c4 9. b3 cxb3 10. Qxb3 Nc6 11. Ne5
Na5 12. Qa4 {De meest gespeelde zet. Zo mogelijk is Ld2 mijn volgende zet.} ({
Het alternatief} 12. Qd3 {heb ik ook lang overwogen.}) 12... Ne4 {Na 20
minuten. Maar nu was het mijn beurt om lang na te denken. Maar na 25 minuten
wist ik nog niet wat de beste zet is. Enigszins in verwarring deed ik er maar
eentje.} 13. Bd2 ({Ik keek een tijdje naar een kwaliteitsoffer na} 13. Bxe4
dxe4 14. Bd2 Nc6 15. Nxc6 bxc6 16. Qxc6 Bh3 17. Qxe4 Bxf1 18. Kxf1 {maar de
compensatie leek me onvoldoende na bijv.} Rc8) ({Een andere mogelijkheid die
me veel tijd kostte was} 13. Nd2 f6 ({Minder goed is} 13... Nc3 14. Qc2 {
en zwart kan niet goed op e2 slaan.}) 14. Nb3 (14. Nxe4 fxe5 15. Nd2 e4 16. f3
$13 {wat Hausrath een keer speelde.}) 14... fxe5 (14... Nxb3 $2 15. Qxb3 fxe5
16. Bxe4 {leek me heel goed voor wit.}) 15. Qxa5 Qxa5 16. Nxa5 exd4 17. Bxd4 b6
$13 {en deze stelling beviel me niet zo omdat zwart na een paardzet La3 heeft
en de c-lijn pakt.}) ({De beste zet is misschien} 13. Rc1 f6 14. Nd3 {wat me
tijdens de partij niks leek wegens} Bd7 15. Qd1 Nc4 $6 {Tot mijn verbazing
kwam deze stelling op het bord in een partij van mijn goede vriend Han Mawira.
Daar volgde} 16. Nf4 Nxe3 17. fxe3 Qa5 $2 18. Nxd5 (18. Qb3 $1) 18... Qxd5 19.
Nc3 Qg5 20. Qb3+ Kh8 21. Nxe4 $16 {(32.1-0) Cifuentes Parada,R (2500) -Mawira,
D Haarlem 1994}) 13... Nxd2 14. Nxd2 f6 15. Nd3 Bd7 {Wit nog 50 minuten, zwart
22 minuten.} 16. Qd1 (16. Bxd5+ {verwierp ik wegens} Kh8 17. Qc2 Bh3 18. Bg2
Bxg2 19. Kxg2 Qxd4 {en hier stopte ik omdat ik ten onrechte dacht dat ik geen
Tc1 had wegens La3.} 20. Rfc1 Ba3 21. Qc3 Qa4 22. Rc2 {Maar ook dit lijkt niet
veel voor wit.}) 16... Be6 17. e3 $6 {Een luie zet.} ({Sterker was} 17. Nb3 $1
Bf7 (17... Nc4 18. Nbc5 $16) 18. Nxa5 Qxa5 19. Qb3 $14) 17... Bf7 18. Bh3 $6 {
Hier was ik een paar zetten later niet tevreden over.} (18. Rc1 Nc4 19. Nf4)
18... Nc4 19. Nb3 $2 {Een nulzet.} (19. Nf4 Qd6 20. a4) 19... b6 20. Nf4 ({
De engine geeft als beste de terugzet} 20. Nd2) 20... Qd6 {Wit nog 27 minuten,
zwart 15 minuten.} 21. Qd3 {Na 6 minuten.} g6 (21... g5) 22. Rfc1 Rfe8 23. Bg2
{Ook een nulzet. De dreiging Pxd5 is makkelijk te pareren.} (23. Nd2) 23...
Rac8 24. a4 $2 ({De engine geeft weer de terugzet} 24. Bh3 {bijv.} Rc7 25. a4
g5 26. Ne2 Bg6 27. Bf5 $13) 24... g5 {Natuurlijk. Nu kan mijn loper niet naar
f5.} 25. Ne2 Bg6 26. Qc3 $2 (26. Qd1) 26... a5 $2 {Wit nog 12 minuten, zwart
gelukkig nog maar 2 minuten.} ({Heel sterk was} 26... Qd7 $1 {en op} 27. Nd2 {
volgt} Nxe3 28. Qxe3 Rxc1+ 29. Rxc1 Bb4 30. Qf3 Bxd2 31. Rd1 Bb4 32. Nc3 $15)
27. Bh3 $2 {Te snel gespeeld.} (27. Nd2 $13) 27... Rc7 (27... Qd8 $1 $17 {
Makkelijk te missen in tijdnood. Er dreigt Lb4.}) 28. Nd2 Qd8 {Ik dacht dat
dit een fout was, maar dat blijkt niet het geval.} 29. Nxc4 dxc4 $2 {Vanaf nu
leeft zwart van zijn increment. Ik heb nog 10 minuten.} ({Ook niet goed was} 
29... Rxc4 $2 30. Be6+ Kg7 31. Qb3 $16) ({Maar zwart kan het loperschaak er
uithalen met} 29... Bb4 $1 30. Qb2 $13) 30. Be6+ Kg7 31. Bxc4 Bf7 32. Qd3 Bg6
33. Qb3 Bb4 34. Bd5 (34. Be6 Ree7 35. d5 $16) 34... Ree7 35. Rxc7 Rxc7 36. Rc1
$2 {Geeft een deel van het voordeel weg. Bij mij begon de tijd ook te dringen.}
(36. e4 $1 $16) 36... Rxc1+ 37. Nxc1 Qc8 38. Qc4 Qg4 39. Qe2 $2 {Een blunder
die onopgemerkt blijft.} (39. Qc7+ Kh6 40. Qc6 $14) 39... Qc8 $2 (39... Qxe2 $1
40. Nxe2 Be8 41. Bb3 b5 $17) 40. Qc4 Qg4 {Tijdnood voorbij. Tijd voor een
rookpauze.} 41. f3 $2 {Dit blijkt het laatste restje voordeel weg te geven. De
stelling is echter voor beide partijen lastig te spelen.} (41. Qc7+ $1) ({
De engine geeft als 2e keus het verrassende} 41. h3 {met als idee} Qxh3 $2 ({
Maar wit heeft niks na} 41... Qd1+ 42. Kg2 Qc2 $13) 42. Be6 Bf5 43. d5 $16)
41... Qd7 42. Bc6 Qe7 $2 (42... Qc8 $1 {De dame blijft naar h3 kijken zodat
Kf2 nooit kan en wit moet rekening houden met Ld2.}) 43. Qe2 $2 ({Mijn eerste
gedachte was} 43. e4 {Maar ik vond} g4 {lastig. Achteraf valt dat best mee na
bijv.} 44. Kf2 gxf3 45. Kxf3 Bh5+ 46. Ke3 f5 47. Nd3 $14) 43... Qc7 $6 {
Zwart heeft van zijn extra half uur nog maar 6 minuten over. Kennelijk zag hij
het ook allemaal niet meer zo scherp, want zijn beide laatste damezetten waren
niet zo goed terwijl hij daar toch ruim 25 minuten voor uitgetrokken had.} (
43... Be8 $1 $11) 44. d5 {Wit nog 21 minuten.} Qe5 45. Nd3 $6 (45. Nb3) 45...
Qa1+ $6 {Dat heeft niet veel zin.} ({Meteen} 45... Bxd3 46. Qxd3 Bc5 47. Kf2 {
lijkt remiseachtig.}) 46. Kg2 Bxd3 47. Qxd3 Qb2+ 48. Kh3 Qe5 49. f4 {Hier
begon ik er weer in te geloven.} gxf4 $6 (49... Qe7) 50. exf4 Qh5+ {Wit nog
een kwartier, zwart 3 minuten.} 51. Kg2 Qg6 52. Bb5 {Ik taxeerde het ongelijke
lopereindspel als gewonnen.} ({Verleidelijk was} 52. f5 {maar toen zag ik} Qf7
53. d6 Qa2+ 54. Kh3 Qa3 55. Qxa3 Bxa3 56. d7 {en ik betwijfelde of dit
gewonnen is. Ook achteraf lijkt me remise waarschijnlijk.}) 52... Bd6 53. Qe2 {
Een valstrikje tussendoor waar zwart niet intrapt. Hoewel? Willem zei na
afloop dat hij op f4 had kunnen slaan.} Qf5 (53... Bxf4 $2 54. Be8 $1 Qg5 55.
Qe7+ Kh6 56. Qf8+ {is uit.}) 54. Qd3 Qg6 {Ongeveer vanaf hier leeft zwart weer
van zijn increment.} 55. Bc4 Qe8 56. Bb3 Qg6 57. Bc2 Qxd3 58. Bxd3 h6 59. Kf3 {
Het winstplan leek me niet zo moeilijk. Mijn koning naar f5, mijn h-pion naar
h5 en dan de opmars g3-g4-g5. Wel een beetje oppassen dat zwart niet
plotseling b5 heeft.} Bc5 60. h3 Bd6 ({Stockfish komt hier verrassend met} 
60... b5 {met als idee} 61. Bxb5 ({Beter is} 61. axb5 {en het lijkt me dat wit
moet kunnen winnen.}) 61... f5 {waarna de zwarte koning naar f6 kan. Dit zou
best wel eens remise kunnen zijn.}) 61. Kg4 Kf7 62. Kf5 {Hierna zie ik geen
verdediging meer voor zwart.} Bf8 63. Bb5 Bc5 64. g4 Bd6 65. h4 Bc7 66. h5 Bd6
67. Bc4 Ke7 68. g5 fxg5 69. fxg5 hxg5 70. Kxg5 Kf7 71. Kf5 Ke7 72. h6 Bb4 73.
Kg6 Bc3 74. Kh7 Kd6 75. Kg8 {En Willem feliciteerde me. Hiermee kwam de
eindstand op 7-3 voor ons en zijn we vrijwel zeker veilig.} 1-0

[Event "Jean Jaures - Temse 5-3"]
[Site "?"]
[Date "2017.03.12"]
[Round "9"]
[White "Vereecken, Bart"]
[Black "Witt, Rob"]
[Result "1/2-1/2"]
[WhiteElo "1633"]
[BlackElo "2190"]
[Annotator "Witt"]
[PlyCount "61"]
[EventDate "2017.??.??"]

{Ik had met twee mogelijke tegenstanders rekening gehouden die c4 of d4 openen.
Van deze tegenstander wist ik niets.} 1. e4 e6 {Als ik had geweten dat mijn
tegenstander zo'n lage rating had, zou ik geen Frans gespeeld hebben.} 2. d4 d5
3. exd5 {Daar heb je al het gelazer. Maar misschien gaat hij iets met Pf3 en
c4 doen.} exd5 4. Be3 ({Op} 4. Bd3 {zou ik} c5 {gespeeld hebben.}) 4... Bd6 5.
Nf3 Nf6 6. Bd3 Nc6 7. c3 {Mijn inspiratie was inmiddels verdwenen.} Bg4 8. Nbd2
Qd7 9. Qc2 Ne7 ({Ik overwoog} 9... O-O-O {Maar ik wilde daarmee wachten tot
wit kort gerokeerd heeft.}) 10. h3 Bf5 11. Ne5 Bxd3 12. Qxd3 Qc8 13. Bg5 Nd7
14. Bxe7 Bxe7 15. Qf5 Nf6 16. Qxc8+ {Met remiseaanbod.} Rxc8 17. O-O O-O 18.
Rfe1 Bd6 19. Nd3 Rfe8 {Ik had inmiddels iedere interesse in mijn partij
verloren en volgde meer de interessante verwikkelingen op de borden van
Michael, Arno en Draftian.} 20. Kf1 Ne4 21. Rad1 Nxd2+ {Leidt tot totale
vervlakking.} ({Maar op bijv.} 21... f6 {heeft wit} 22. Nxe4 dxe4 23. Nc5 Bxc5
24. dxc5 {met voordeel.}) 22. Rxd2 Rxe1+ 23. Kxe1 Re8+ 24. Re2 Kf8 25. g4 {
Met een 2e remiseaanbod.} g6 26. Rxe8+ Kxe8 27. Ke2 Ke7 28. b3 Kf6 29. f4 c6
30. Ke3 Ke6 31. Nc5+ {Met een 3e remiseaanbod wat ik maar aannam. Een
frusterende partij. Maar ik kan mijn tegenstander niks kwalijk nemen. Hij
heeft het recht om zo te spelen.} 1/2-1/2

[Event "Caissa intern 2016-2017"]
[Site "?"]
[Date "2017.03.14"]
[Round "2.9"]
[White "Witt, Rob"]
[Black "Blanchard, Jack"]
[Result "1/2-1/2"]
[WhiteElo "2190"]
[BlackElo "2202"]
[Annotator "Witt"]
[PlyCount "51"]
[EventDate "2017.??.??"]

1. d4 d5 2. c4 c6 3. Nf3 a6 {Een interessante zet. Het idee is, als wit zich
rustig opstelt, om Pf6 uit te stellen en eerst verder te ontwikkelen met Lf5,
e6, Ld6, Pd7 en h6 zodat de zwarte loper op f5 niet lastig gevallen wordt door
Ph4. Het is niet duidelijk wat de beste opstelling is voor wit. En noch de 1.
d4 bijbel van Avrukh noch "The Complete Slav" van Sakaev behandelen deze zet.}
4. e3 {Er zijn allerlei andere zetten, maar als Dreev dit speelt, kan het niet
slecht zijn.} Bf5 ({Meestal volgt hier} 4... Nf6) 5. Nc3 {Na 10 minuten.} ({
Ik weet niet wat Jack op} 5. Qb3 {gespeeld zou hebben. In de Chebanenko (met
paarden op c3 en f6) zie je dan vaak Ta7, wat vreemd oogt maar goed speelbaar
blijkt te zijn.}) 5... e6 6. Be2 ({Jack gaf de voorkeur aan} 6. Bd3) 6... Nd7
7. O-O Bd6 8. b3 h6 9. Bd3 {Waarschijnlijk moet ik hier wat anders spelen.} (9.
a4) 9... Bxd3 10. Qxd3 f5 {Zwart heeft een prettige Stonewall waarbij de
witveldige lopers geruild zijn.} 11. cxd5 {Dat doet wit meestal als zwart niet
met de e-pion kan terugslaan.} cxd5 12. Bb2 Ne7 $6 ({Normaal lijkt me} 12...
Ngf6 {en wit heeft niks.}) 13. Na4 Nc6 {Dit was het zwarte idee. Hij
verhindert weliswaar Pe5 maar er zijn ook nadelen.} 14. Nc5 {Hierna begon Jack
voor het eerst lang na te denken.} Bxc5 15. dxc5 {Mijn loper oogt nu een stuk
prettiger dan een paar zetten geleden.} O-O 16. b4 Qe7 17. a3 Rac8 {Na een
kwartier.} 18. Rac1 Rfd8 19. Rfd1 Qf7 20. Qb3 {Achteraf had ik spijt van deze
snel gespeelde zet. Maar het is niet eenvoudig wat het beste plan is. Ik moet
op de een of andere manier a4 en b5 voorbereiden.} b6 {Wit nog een uur, zwart
50 minuten.} 21. cxb6 Nxb6 {Hier dacht ik ruim een kwartier na zonder iets
concreets te zien. Uiteindelijk koos ik voor} 22. Rxc6 $2 ({Ik snap niet dat
ik helemaal niet gekeken heb naar} 22. Nd2 $14 {Dat is toch de meest logische
voortzetting.}) 22... Rxc6 23. Ne5 Qb7 24. Nxc6 Qxc6 25. Bd4 Nc4 26. f4 {
Ik zag geen constructief plan en bood remise aan wat Jack na enkele minuten
aannam.} 1/2-1/2

[Event "Caissa intern 2016-2017"]
[Site "?"]
[Date "2017.03.21"]
[Round "2.10"]
[White "Witt, Rob"]
[Black "Lopez, Jasel"]
[Result "0-1"]
[WhiteElo "2190"]
[BlackElo "2272"]
[Annotator "Witt"]
[PlyCount "122"]
[EventDate "2017.??.??"]

{Om 8 uur bleek dat ze mij vergeten hadden in te delen. Gelukkig was Rik
Salomons zo vriendelijk om zijn plaats af te staan, zodat ik onverwacht Jasel
Lopez als tegenstander kreeg.} 1. Nf3 c5 {Hé, tegen 1.e4 speelt Jasel toch
altijd Frans? Zal ik....? Och ja waarom ook niet.} 2. e4 $5 e6 3. d4 {Geen
gedoe met 3.d3, 3.c3 of het tegenwoordig populaire 3.g3, gelijk maar Open
Siciliaans.} cxd4 4. Nxd4 Nf6 5. Nc3 Nc6 {Wat nu? Van 6.Pxc6 bxc6 7.e5 heb ik
geen verstand. Dan maar een Sveshnikov.} 6. Ndb5 Bb4 {Ja, dat is ook een
variant.} 7. a3 Bxc3+ 8. Nxc3 d5 9. exd5 exd5 10. Bd3 O-O 11. O-O d4 {Dit kwam
me allemaal nog bekend voor. Maar nu twijfelde ik waar mijn paard heen moest.
Na 10 minuten leek mij veld e2 het meest logisch.} 12. Ne2 {Jasel begon nu
voor het eerst na te denken, waardoor ik dacht dat ik kennelijk toch Pe4 had
moeten spelen.} Qb6 ({Jasel zei na afloop dat hij wist dat de hoofdvariant
verder gaat met} 12... Bg4 {maar de tekstzet leek hem ook speelbaar.}) 13. Bg5
{Na 10 minuten. Mijn alternatieven waren 13.b4 en 13.h3.} Nd5 {Na 7 minuten.} (
13... Ng4 {is vaker gespeeld.}) 14. Qd2 $6 {Die speelde ik vrij vlot, maar een
zet later had ik al spijt omdat ik niet goed zonder Tab1 kan en dan staat de
dame beter op d1.} ({Stockfish geeft de voorkeur aan} 14. Nf4 {bijv.} Nxf4 15.
Bxf4 Ne7 (15... Qxb2 $2 16. Qh5 $18) 16. Qh5 Ng6 17. Bd2 $14 {Donchev,D (2520)
-Manolov,I (2380) Bankia 1991 (49.½-½).}) 14... Bg4 15. Rab1 {Na 10 minuten.
Ook hier waren diverse alternatieven.} (15. c4 dxc3 16. Nxc3 Nxc3 17. Qxc3 Rac8
{beviel me niet.}) (15. Nf4 Nxf4 16. Bxf4 Bh5 {ook niet.}) (15. h3 Bh5 16. Be4
{heb ik ook bekeken, maar ik weet niet meer waarom ik dat verwierp. Achteraf
bevalt me de witte stelling wel.}) 15... f6 {Na bijna een kwartier deze goede
zet. Jasel wil een toren op d8 zetten en soms kan zwart Pe5 in de stelling
brengen.} 16. Bh4 Rad8 17. Bg3 Rfe8 18. c4 {Na ruim een kwartier. Ik zag geen
ander constructief plan en besloot de stelling te vereenvoudigen. Ik had het
idee dat zwart anders misschien wel beter stond.} dxc3 {Hier trok Jasel een
kwartier voor uit, wat me enigszins verbaasde want na andere zetten staat wit
duidelijk beter.} 19. Nxc3 Kh8 20. Nxd5 Rxd5 {Beiden hebben nog een half uur.}
21. Qc3 ({Ik dacht dat een damezet gedwongen was, maar nauwkeuriger lijkt} 21.
Rbe1 {want} Red8 {is niet erg wegens} 22. Re3 $13) 21... Nd4 {Bijna a tempo
gespeeld.} 22. Bc7 ({Mijn alternatief was} 22. Rfe1 Ne2+ (22... Be2 23. Bc7 Qc5
24. Rbc1 $13) 23. Bxe2 Bxe2 {met remiseachtige stelling.}) 22... Qc5 {Na 10
minuten.} (22... Qe6 23. Rfe1 Ne2+ 24. Bxe2 Bxe2 25. Rbc1 $11) 23. Qxc5 Rxc5
24. Rfe1 Be2 25. Bg3 {Zonder nadenken doe ik de minste loperzet. Er waren twee
betere velden.} (25. Bd6 Rd5 26. Bxe2 Nxe2+ (26... Rxd6 $2 27. Ba6 $1) 27. Kf1
Rxd6 (27... Rd2 $2 28. Bc5 $18) 28. Rxe2 $11) ({En} 25. Bb8 {niet gezien.} Rxb8
26. Bxe2 $11) 25... Re6 26. Bxe2 Nxe2+ 27. Kf1 Rc2 $2 {Een fout die
onopgemerkt blijft.} (27... Nxg3+ 28. hxg3 Rxe1+ 29. Kxe1 h5 (29... Rc2 30. Rd1
h5 31. Rd2 $11) 30. Kd2 $11) 28. f3 $2 {Na een paar minuten.} ({Sterk was} 28.
Bb8 $1 a6 29. Ba7 {en wegens de dreiging Le3 staat wit onverwacht ineens beter.
Bijv.} g5 (29... b6 30. Bxb6 $16) 30. Be3 Nf4 31. Bxf4 Rxe1+ 32. Rxe1 gxf4 33.
Re8+ Kg7 34. Re7+ Kg6 35. Rxb7 $16) 28... h5 29. Bf2 b6 {Ik begon me hier een
beetje zorgen te maken. Maar de engine vindt het gelijk als ik snel mijn a- en
b-pion opspeel. Jasel zei ook zoiets na afloop.} ({Ik weet niet waarom Jasel
dit beter vond dan} 29... a6 {wat logischer lijkt.}) 30. g3 Kg8 31. Red1 $2 {
Met het verkeerde plan om de toren om te spelen naar e3.} (31. a4 $11) 31...
Re7 (31... h4 $5) 32. Rd3 $2 ({Terug was het beste.} 32. Re1) 32... Nc1 $1 {
Gemist. Nu zit wit in de problemen.} 33. Rc3 Ree2 34. Rxc2 Rxc2 35. h4 Nb3 $1 {
Jasel zei na afloop dat hij hier gewonnen staat en eerlijk gezegd dacht ik dat
tijdens de partij ook. Toch moet zwart het nog wel nauwkeurig spelen.} 36. Be3
Kf7 $2 ({Jasel had van de gelegenheid gebruik moeten maken om zijn
damevleugelpionnen beter neer te zetten.} 36... b5) ({Ook het toreneindspel na
} 36... Nd2+ 37. Bxd2 Rxd2 {ziet er somber uit voor wit.}) 37. Ke1 $2 {Ik
verzuim mijn kans te pakken.} ({Hier had ik aktiever kunnen spelen met} 37. Rd1
$1 Ke6 38. Re1 $1 {Dit idee heb ik gemist.} Kf5 39. Re2 (39. Rd1 $5 {is
misschien nog beter.}) 39... Rxe2 40. Kxe2 g5 {met goede remisekansen in beide
varianten.}) 37... Ke6 38. Rd1 $2 {Te laat. Passief blijven leek me hopeloos.
Objectief gezien was dat beter geweest.} (38. Kf1 $15) 38... Rxb2 39. Rd8 Ra2 {
Zwart staat op winst. Ik heb hier nog 5 minuten, Jasel 7 minuten.} 40. Rg8 Kf7
41. Rh8 $6 (41. Rc8) 41... Kg6 (41... Rxa3 $1) (41... Na1 $1) 42. g4 hxg4 43.
fxg4 Rxa3 44. h5+ Kf7 45. Rc8 {Hier hebben we allebei minder dan 5 minuten,
maar we bleven allebei noteren tot het eind.} Ra4 46. Rc7+ Kg8 47. Kf2 Rxg4 $6
(47... a5 $5) 48. Rxa7 Nc5 49. Ra8+ (49. Rc7 $5 Rh4 50. Bxc5 bxc5 51. Rxc5 Kh7
52. Kg3 {is misschien nog niet zo eenvoudig.}) 49... Kf7 50. h6 gxh6 51. Bxh6
Rg8 52. Ra7+ Ke6 53. Be3 Rb8 {Ik had in gedachten al opgegeven, maar ik doe
nog wat zetjes. We hadden allebei nog 2 minuten.} 54. Rc7 Nd3+ 55. Ke2 Ne5 56.
Bd2 b5 57. Bb4 Rb6 58. Rc8 (58. Ke3) 58... Kf5 59. Rf8 Ke4 60. Bc3 b4 $4 (60...
Rc6 $19) 61. Bb2 $4 ({We zitten allebei niet meer op te letten. Ik had nog
ruim een minuut. Onbegrijpelijk dat ik niet speel} 61. Bxb4 Rxb4 62. Rxf6 {
En volgens de eindspelbase is dit remise. Als ik dit gespeeld had zou ik
kunnen zeggen dat ik in verloren stelling eerst slim Ke4 uitlok door geen Ke3
te spelen en vervolgens slim Lc3 speelde om b4 uit te lokken. Maar nu maakt
het allemaal een onnozele indruk. Overigens kan Jasel het eindspel T+P tegen T
natuurlijk eindeloos proberen. Zeker met slechts 15 seconden increment is het
niet zo eenvoudig te verdedigen zoals Arno vorig jaar (?) ondervond.}) 61... b3
{En ik feliciteerde Jasel.} 0-1